000 00547nam a2200229Ia 4500
008 170203s9999 xx 000 0 und d
020 _a9789812615442
050 _a641.5945
050 _b.V217i 2010
100 _aVan der Nest, Elsa.
245 _aItalian /
245 _cElsa Van der Nest.
260 _aSingapore :
260 _bMarshall Cavendish Cuisine,
260 _c2010
300 _a79 pages ;
300 _billustrations ;
300 _c17 cm.
440 _aMini cookbooks.
650 _aCookery
650 _xitalian.
999 _c305462
_d305462